Assassin's Creed Games by Logo - Statistics

General Stats
  • This quiz has been taken 729 times
  • The average score is 11 of 14
Answer Stats
Picture Answer % Correct
Assassin's Creed
96%
Assassin's Creed 4: Black Flag
94%
Assassin's Creed Odyssey
94%
Assassin's Creed 3
92%
Assassin's Creed Valhalla
92%
Assassin's Creed Origins
90%
Assassin's Creed Unity
82%
Assassin's Creed Syndicate
79%
Assassin's Creed Mirage
76%
Assassin's Creed 2/Brotherhood
69%
Assassin's Creed Shadows
68%
Assassin's Creed Rogue
61%
Assassin's Creed Revelations
46%
Assassin's Creed Chronicles
26%
No matching quizzes found
Score Distribution
Percent of People with Each Score
Percentile by Number Answered
Your Score History
You have not taken this quiz